| 000 | 00595nam a2200241 a 4500 | ||
|---|---|---|---|
| 001 | nice12345678 | ||
| 003 | IN_TiNIC | ||
| 005 | 20260116014612.0 | ||
| 008 | 050524s2003 lona grp 000 0 eng | ||
| 020 |
_a0194243 _c175 |
||
| 082 | 0 | 0 |
_a211.8 _bBAG1 |
| 100 | _aBaggini, Julion | ||
| 245 | _aAtheism, a Very Short Introduction | ||
| 260 |
_aLondan _bOxford University Press _c2003 |
||
| 300 | _a119p | ||
| 500 | _aincludes index and biblioraphy | ||
| 505 | 2 | _aIndex | |
| 650 | _aAtheism | ||
| 700 | 1 | _aBaggini, Julion | |
| 902 | _bSRS | ||
| 942 | _cBK | ||
| 999 |
_c16173 _d16173 |
||